[Event "12th ChessMates International, York"]
[Site "York Guildhall"]
[Date "2025.03.22"]
[Round "4.32"]
[White "Pitel, Benedikt"]
[Black "Gudmundsson, Gunnar Erik"]
[Result "1/2-1/2"]
[WhiteElo "1827"]
[BlackElo "2044"]
[PlyCount "77"]
[EventDate "2025.??.??"]
[WhiteTeam "Yorkshire"]
[BlackTeam "Iceland"]
[BlackTeamCountry "ISL"]

1. e4 e6 2. d4 d5 3. e5 c5 4. c3 Nc6 5. Nf3 Qb6 6. Be2 cxd4 7. cxd4 Nh6 8. Nc3
Nf5 9. Na4 Qa5+ 10. Nc3 Qb6 11. Na4 Bb4+ 12. Kf1 Qc7 13. a3 Be7 14. b4 a6 15.
Qd3 Bd7 16. Nc5 Bxc5 17. bxc5 Na5 18. Qc3 b6 19. Bd2 Nc6 20. Rb1 bxc5 21. Qxc5
Qa7 22. Qxa7 Rxa7 23. g4 Nfe7 24. Kg2 O-O 25. Rb6 a5 26. Rhb1 f6 27. Rb7 Rfa8
28. R1b6 Bc8 29. Rxa7 Rxa7 30. Bf4 Kf7 31. Kf1 Rb7 32. Rxb7 Bxb7 33. Bb5 Ng6
34. Bg3 Na7 35. Ba4 Ba6+ 36. Ke1 Nb5 37. Bxb5 Bxb5 38. Kd2 Ne7 39. h4 1/2-1/2

[Event "12th ChessMates International, York"]
[Site "York Guildhall"]
[Date "2025.03.22"]
[Round "4.33"]
[White "Omarsson, Adam"]
[Black "Quaite, Toby"]
[Result "1/2-1/2"]
[WhiteElo "2073"]
[BlackElo "1905"]
[PlyCount "38"]
[EventDate "2025.??.??"]
[WhiteTeam "Iceland"]
[BlackTeam "Yorkshire"]
[WhiteTeamCountry "ISL"]

1. d4 Nf6 2. c4 c5 3. d5 a6 4. Nc3 b5 5. cxb5 axb5 6. Nxb5 e6 7. Nc3 exd5 8.
Nxd5 Bb7 9. Nxf6+ Qxf6 10. e3 Be7 11. Nf3 Qg6 12. g3 Nc6 13. Bg2 Ba6 14. a3 O-O
15. Bf1 Bxf1 16. Kxf1 Qe4 17. Rg1 Bf6 18. Nd2 Qe6 19. Kg2 c4 1/2-1/2

[Event "12th ChessMates International, York"]
[Site "York Guildhall"]
[Date "2025.03.22"]
[Round "4.34"]
[White "Wainwright, Charlie"]
[Black "Hermannsson, Sigurbjorn"]
[Result "1/2-1/2"]
[WhiteElo "1783"]
[BlackElo "1849"]
[PlyCount "82"]
[EventDate "2025.??.??"]
[WhiteTeam "Yorkshire"]
[BlackTeam "Iceland"]
[BlackTeamCountry "ISL"]

1. d4 Nf6 2. c4 e6 3. Nf3 b6 4. Bg5 Bb7 5. e3 Be7 6. Nc3 O-O 7. Be2 d5 8. cxd5
exd5 9. O-O Nbd7 10. Bd3 Ne4 11. Bxe7 Qxe7 12. Qb3 Ndf6 13. Qc2 Rac8 14. Rac1
c5 15. dxc5 Rxc5 16. Bxe4 dxe4 17. Nd4 Ba6 18. Rfd1 Bd3 19. Qd2 Rh5 20. h3 Ba6
21. Nde2 Bxe2 22. Nxe2 Rd5 23. Qc2 Rc5 24. Qd2 g6 25. Rc3 Rd5 26. Qc2 Rxd1+ 27.
Qxd1 Rd8 28. Qc2 Nd5 29. Rc8 Rxc8 30. Qxc8+ Kg7 31. Qc4 Qe5 32. Qd4 Qxd4 33.
Nxd4 Kf6 34. Kf1 a5 35. a4 Ke5 36. Ke2 Kd6 37. Kd2 Kc5 38. b3 Nb4 39. Nc2 Nxc2
40. Kxc2 Kb4 41. h4 f5 1/2-1/2

[Event "12th ChessMates International, York"]
[Site "York Guildhall"]
[Date "2025.03.22"]
[Round "4.35"]
[White "Johannsson, Markus Orri"]
[Black "Ganti, Shriaansh"]
[Result "0-1"]
[WhiteElo "1871"]
[BlackElo "1980"]
[PlyCount "46"]
[EventDate "2025.??.??"]
[WhiteTeam "Iceland"]
[BlackTeam "Yorkshire"]
[WhiteTeamCountry "ISL"]

1. e4 c5 2. Nf3 Nf6 3. Nc3 e6 4. d4 cxd4 5. Nxd4 Nc6 6. Bg5 Be7 7. Nxc6 bxc6 8.
e5 Nd5 9. Bxe7 Qxe7 10. Nxd5 exd5 11. Qd4 d6 12. f4 f6 13. Qc3 Bb7 14. Ba6 fxe5
15. fxe5 d4 16. Qc4 d5 17. Qa4 O-O 18. Bxb7 Qxe5+ 19. Kd1 d3 20. Kc1 Rf2 21.
Rd1 Rxc2+ 22. Qxc2 dxc2 23. Kxc2 Rb8 0-1

[Event "12th ChessMates International, York"]
[Site "York Guildhall"]
[Date "2025.03.22"]
[Round "4.36"]
[White "Burke, Alex"]
[Black "Briem, Gudrun Fanney"]
[Result "0-1"]
[WhiteElo "1816"]
[BlackElo "1868"]
[PlyCount "96"]
[EventDate "2025.??.??"]
[WhiteTeam "Yorkshire"]
[BlackTeam "Iceland"]
[BlackTeamCountry "ISL"]

1. e4 c6 2. Nf3 d5 3. Nc3 dxe4 4. Nxe4 Nf6 5. Qe2 Bg4 6. Nxf6+ gxf6 7. h3 Bxf3
8. Qxf3 Qd5 9. Be2 Nd7 10. O-O e6 11. c3 h5 12. d4 Qxf3 13. Bxf3 Bh6 14. b3
Bxc1 15. Raxc1 O-O-O 16. c4 f5 17. Rfd1 Kb8 18. d5 Ne5 19. dxe6 Nxf3+ 20. gxf3
fxe6 21. f4 c5 22. Kf1 Kc7 23. Ke2 h4 24. Rxd8 Rxd8 25. Rd1 Rxd1 26. Kxd1 Kd6
27. Kd2 a6 28. a4 e5 29. Ke3 e4 30. f3 exf3 31. Kxf3 Kc6 32. Ke3 Kb6 33. Kd3
Ka5 34. Kc3 b5 35. axb5 axb5 36. cxb5 Kxb5 37. Kc2 Kb4 38. Kb2 c4 39. bxc4 Kxc4
40. Kc2 Kd4 41. Kd2 Ke4 42. Ke2 Kxf4 43. Kf2 Ke4 44. Ke2 f4 45. Kf2 f3 46. Kf1
Ke5 47. Ke1 Kf5 48. Kf1 Ke4 0-1

[Event "12th ChessMates International, York"]
[Site "York Guildhall"]
[Date "2025.03.22"]
[Round "4.37"]
[White "B. Berglindardottir, Emilia Embla"]
[Black "Madzia, Nathan"]
[Result "0-1"]
[WhiteElo "1619"]
[BlackElo "1867"]
[PlyCount "52"]
[EventDate "2025.??.??"]
[WhiteTeam "Iceland"]
[BlackTeam "Yorkshire"]
[WhiteTeamCountry "ISL"]

1. d4 Nf6 2. c4 g6 3. Nc3 Bg7 4. e4 d6 5. Nf3 O-O 6. h3 Nbd7 7. Be3 e5 8. d5
Qe7 9. Bd3 c5 10. Qd2 Kh8 11. O-O-O a6 12. Ne1 Ng8 13. g4 Ndf6 14. f3 Bd7 15.
a3 Rfc8 16. h4 h5 17. gxh5 Nxh5 18. Ng2 b5 19. f4 b4 20. Nb1 Rcb8 21. f5 bxa3
22. bxa3 gxf5 23. Be2 Ng3 24. Rh2 Nxe4 25. Qe1 Ba4 26. Rd3 Qb7 0-1

[Event "12th ChessMates International, York"]
[Site "York Guildhall"]
[Date "2025.03.22"]
[Round "4.40"]
[White "Singh, Adamjeet"]
[Black "Tomasdottir, Katrin Osk"]
[Result "1-0"]
[WhiteElo "1544"]
[BlackElo "1611"]
[PlyCount "65"]
[EventDate "2025.??.??"]
[WhiteTeam "Yorkshire"]
[BlackTeam "Iceland"]
[BlackTeamCountry "ISL"]

1. e4 c5 2. Nc3 e6 3. f4 Nc6 4. Nf3 a6 5. a4 Qc7 6. g3 Nf6 7. Bg2 Be7 8. e5 Ng4
9. Ng5 Nh6 10. Nce4 Qb6 11. O-O Nd4 12. c3 Nb3 13. Rb1 Na5 14. d4 cxd4 15. cxd4
Qb3 16. Qh5 Qd3 17. Bd2 Qxd4+ 18. Kh1 Nc4 19. Bc3 Qe3 20. Rbe1 Qb6 21. Qe2 Na5
22. Bh3 Bb4 23. Bxb4 Qxb4 24. Nd6+ Ke7 25. f5 Qxa4 26. f6+ gxf6 27. Rxf6 Ng8
28. Rxf7+ Kd8 29. Qd2 Qc6+ 30. Bg2 Nc4 31. Nxe6+ dxe6 32. Qg5+ Nf6 33. Qxf6#
1-0

[Event "12th ChessMates International, York"]
[Site "York Guildhall"]
[Date "2025.03.23"]
[Round "5.1"]
[White "Rohde, Niclas"]
[Black "Badacsonyi, Stanley"]
[Result "1/2-1/2"]
[WhiteElo "2147"]
[BlackElo "2334"]
[PlyCount "48"]
[EventDate "2025.??.??"]
[WhiteTeam "LSJ Sachsen-Anhalt"]
[BlackTeam "England"]
[BlackTeamCountry "ENG"]

1. e4 e5 2. Nf3 Nc6 3. Nc3 Nf6 4. d4 exd4 5. Nxd4 Bb4 6. Nxc6 bxc6 7. Bd3 d5 8.
exd5 O-O 9. O-O cxd5 10. h3 h6 11. Qf3 Re8 12. Rd1 c6 13. Ne2 Bd7 14. Be3 Bd6
15. Ng3 a5 16. Bd4 Be5 17. Bxe5 Rxe5 18. c4 Qb6 19. cxd5 cxd5 20. b3 Rae8 21.
Rac1 g6 22. Nf1 Kg7 23. Ne3 h5 24. Bb1 Qe6 1/2-1/2

[Event "12th ChessMates International, York"]
[Site "York Guildhall"]
[Date "2025.03.23"]
[Round "5.2"]
[White "Dasgupta, Avyukt"]
[Black "Haubold, Sebastian"]
[Result "1-0"]
[WhiteElo "2156"]
[BlackElo "2151"]
[PlyCount "91"]
[EventDate "2025.??.??"]
[WhiteTeam "England"]
[BlackTeam "LSJ Sachsen-Anhalt"]
[WhiteTeamCountry "ENG"]

1. d4 Nf6 2. Bg5 d5 3. e3 e6 4. c4 Be7 5. Nc3 O-O 6. cxd5 exd5 7. Bd3 c6 8. h3
h6 9. Bf4 Bd6 10. Bxd6 Qxd6 11. Nf3 Re8 12. Qc2 b6 13. O-O Ba6 14. Bxa6 Nxa6
15. a3 Nc7 16. Rac1 Ne6 17. Rfd1 Rac8 18. b4 c5 19. dxc5 bxc5 20. bxc5 Rxc5 21.
Qa4 Rec8 22. Na2 Qb6 23. Rb1 Qc7 24. Nb4 Ra5 25. Qb3 Qc3 26. Rd3 Qc4 27. Qd1
Rb5 28. Nd4 Nxd4 29. Rxd4 Qc3 30. a4 Rbc5 31. Nxd5 Nxd5 32. Rxd5 Rxd5 33. Qxd5
Qf6 34. Qb7 Qf5 35. e4 Qe6 36. a5 Rc2 37. Rd1 Kh7 38. Qxa7 Qxe4 39. Qxf7 Re2
40. a6 Qc2 41. Rd7 Qb1+ 42. Kh2 Qb8+ 43. g3 Qe5 44. Qf3 h5 45. Qd3+ Kh6 46.
Rd6+ 1-0

[Event "12th ChessMates International, York"]
[Site "York Guildhall"]
[Date "2025.03.23"]
[Round "5.3"]
[White "Herter, Arne"]
[Black "Pereslavtsev, Alexandr"]
[Result "0-1"]
[WhiteElo "2073"]
[BlackElo "2095"]
[PlyCount "108"]
[EventDate "2025.??.??"]
[WhiteTeam "LSJ Sachsen-Anhalt"]
[BlackTeam "England"]
[BlackTeamCountry "ENG"]

1. e4 c5 2. Nf3 e6 3. d4 cxd4 4. Nxd4 a6 5. c4 Nf6 6. Nc3 Qc7 7. a3 b6 8. Be2
Bb7 9. f3 Nc6 10. Be3 d6 11. O-O Be7 12. b4 O-O 13. f4 Rac8 14. Rc1 Rfd8 15.
Nb3 Nb8 16. Bd3 Bc6 17. Qe2 Qb7 18. Bf2 d5 19. cxd5 exd5 20. e5 Ne4 21. f5 Nxf2
22. Rxf2 f6 23. e6 Bd6 24. Qf1 Be5 25. Rfc2 Qa7 26. Qf2 Rc7 27. Nd4 Be8 28. a4
Bxd4 29. Qxd4 Nc6 30. Qf4 Ne5 31. Be2 Qb7 32. Qf1 d4 33. Bxa6 Qa8 34. Nd5 Rxc2
35. Ne7+ Kf8 36. Rxc2 Kxe7 37. Rc7+ Kd6 38. Bb7 Kxc7 39. Bxa8 Rxa8 40. Qc1+ Kd8
41. Qb2 d3 42. Qd4+ Kc7 43. e7 Bxa4 44. Kf2 Re8 45. Ke3 Rxe7 46. Kd2 Bb5 47.
Qa1 Nd7 48. Qa7+ Kd6 49. Qa1 Re2+ 50. Kd1 d2 51. Qd4+ Ke7 52. Qd5 Ba4+ 53. Kxe2
d1=Q+ 54. Qxd1 Bxd1+ 0-1

[Event "12th ChessMates International, York"]
[Site "York Guildhall"]
[Date "2025.03.23"]
[Round "5.4"]
[White "Patel, Keatan"]
[Black "Petzold, Johannes Julius"]
[Result "0-1"]
[WhiteElo "1985"]
[BlackElo "1889"]
[PlyCount "66"]
[EventDate "2025.??.??"]
[WhiteTeam "England"]
[BlackTeam "LSJ Sachsen-Anhalt"]
[WhiteTeamCountry "ENG"]

1. e4 c5 2. Nf3 Nc6 3. Bb5 g6 4. O-O Bg7 5. Re1 e5 6. Bxc6 dxc6 7. d3 Qc7 8.
Be3 b6 9. a3 Ne7 10. Nbd2 O-O 11. Qc1 h6 12. h3 Be6 13. Nf1 Kh7 14. N3h2 f5 15.
exf5 Nxf5 16. Ng3 Nh4 17. Ne4 Qd7 18. g3 Nf3+ 19. Nxf3 Rxf3 20. Nd2 Rf7 21. h4
Raf8 22. b4 cxb4 23. axb4 Bh3 24. Ne4 Bg4 25. Kh2 Bf3 26. Nd2 e4 27. Ra3 Qg4
28. dxe4 Be5 29. Nxf3 Rxf3 30. Qd2 Bxg3+ 31. fxg3 Qxg3+ 32. Kh1 Rf1+ 33. Bg1
Qxg1# 0-1

[Event "12th ChessMates International, York"]
[Site "York Guildhall"]
[Date "2025.03.23"]
[Round "5.5"]
[White "Noennig, Jakob"]
[Black "Marsden, Samuel"]
[Result "1/2-1/2"]
[WhiteElo "2030"]
[BlackElo "2049"]
[PlyCount "81"]
[EventDate "2025.??.??"]
[WhiteTeam "LSJ Sachsen-Anhalt"]
[BlackTeam "England"]
[BlackTeamCountry "ENG"]

1. e4 c5 2. Nf3 Nc6 3. d4 cxd4 4. Nxd4 g6 5. Nc3 Bg7 6. Be3 Nf6 7. Bc4 O-O 8.
Bb3 Re8 9. O-O d6 10. h3 a6 11. f4 Qc7 12. Nxc6 bxc6 13. Qf3 Nd7 14. Rad1 e6
15. Qf2 Nf8 16. Bb6 Qe7 17. e5 d5 18. Na4 Qb7 19. c4 Nd7 20. c5 Bf8 21. Bc2 a5
22. Qd4 Nxb6 23. Nxb6 Rb8 24. Na4 Qb4 25. Rf3 Qxd4+ 26. Rxd4 Ba6 27. Rc3 Bc4
28. b3 Bb5 29. Nb2 f6 30. exf6 Kf7 31. a4 Ba6 32. Bd3 Bxd3 33. Nxd3 Kxf6 34.
Ne5 Kg7 35. Nd7 Rb7 36. Ne5 Rc8 37. Kf2 Be7 38. Ke2 Bf6 39. Rf3 Be7 40. Rc3 Bf6
41. Rf3 1/2-1/2

[Event "12th ChessMates International, York"]
[Site "York Guildhall"]
[Date "2025.03.23"]
[Round "5.6"]
[White "Welling, Zac"]
[Black "Haubold, Christian"]
[Result "0-1"]
[WhiteElo "1976"]
[BlackElo "2034"]
[PlyCount "152"]
[EventDate "2025.??.??"]
[WhiteTeam "England"]
[BlackTeam "LSJ Sachsen-Anhalt"]
[WhiteTeamCountry "ENG"]

1. e4 e5 2. Nf3 Nc6 3. Bb5 a6 4. Ba4 Nf6 5. d3 b5 6. Bb3 Be7 7. a4 Bb7 8. Nc3
b4 9. Nd5 Nxd5 10. Bxd5 d6 11. Ng5 Bxg5 12. Qh5 g6 13. Qxg5 Qxg5 14. Bxg5 Rb8
15. Kd2 Nd4 16. Bc4 Ne6 17. Be3 Ke7 18. c3 f5 19. f3 Bc8 20. Kc2 c5 21. a5 f4
22. Bf2 g5 23. h4 gxh4 24. Rxh4 h5 25. Rah1 Ng7 26. d4 bxc3 27. bxc3 cxd4 28.
cxd4 Be6 29. d5 Rhc8 30. Kd3 Rb4 31. Rc1 Bd7 32. Rhh1 Rcxc4 33. Rxc4 Bb5 34.
Rhc1 Ra4 35. Be1 Kd7 36. R1c2 Ne8 37. Rc1 Nf6 38. R1c2 Ke7 39. Bf2 Nd7 40. Bg1
Kf6 41. Bf2 Kg5 42. Rc1 h4 43. R1c2 Nf6 44. Be1 Nh5 45. Bf2 Ng3 46. Bb6 Kg6 47.
Bd8 Nf1 48. Bb6 Kf7 49. Bf2 Ke8 50. Bb6 Kd7 51. Bf2 Ng3 52. Bb6 Ke7 53. Bf2 Kf7
54. Bb6 Kg6 55. Bf2 Kh5 56. Bb6 Kg6 57. Bc7 Nf1 58. Bb6 Ne3 59. Bxe3 fxe3 60.
f4 exf4 61. e5 Rxc4 62. Rxc4 Bxc4+ 63. Kxc4 e2 64. exd6 e1=Q 65. Kc5 Qxa5+ 66.
Kc6 Qd8 67. Kc5 Kf5 68. Kc6 a5 69. Kc5 a4 70. Kc6 a3 71. Kc5 a2 72. Kc6 a1=R
73. Kc5 Ra5+ 74. Kb4 Rxd5 75. g4+ hxg3 76. Kc3 Qxd6 0-1

[Event "12th ChessMates International, York"]
[Site "York Guildhall"]
[Date "2025.03.23"]
[Round "5.7"]
[White "Polzin, Gustav"]
[Black "Lebedev, Lion"]
[Result "1-0"]
[WhiteElo "1965"]
[BlackElo "2038"]
[PlyCount "129"]
[EventDate "2025.??.??"]
[WhiteTeam "LSJ Sachsen-Anhalt"]
[BlackTeam "England"]
[BlackTeamCountry "ENG"]

1. e4 e5 2. Nf3 Nc6 3. Bc4 Bc5 4. c3 Nf6 5. d4 exd4 6. e5 d5 7. Bb5 Ne4 8. cxd4
Bb6 9. Nc3 O-O 10. Be3 Bg4 11. h3 Bh5 12. Qc2 Bg6 13. Qb3 Ne7 14. O-O c6 15.
Bd3 Nf5 16. Rfe1 Nxe3 17. Rxe3 Ng5 18. Nxg5 Qxg5 19. Qb4 Qh4 20. g4 Bxd3 21.
Rxd3 f5 22. f4 fxg4 23. Ne2 gxh3 24. Qe1 Rxf4 25. Nxf4 Qxf4 26. Qg3 Bxd4+ 27.
Kh2 Qe4 28. Kxh3 Qf5+ 29. Kg2 Bxe5 30. Qh3 Qg6+ 31. Kh1 Rf8 32. Rf3 Qe4 33.
Raf1 Bd6 34. Kg1 Bc5+ 35. Kh2 Bd6+ 36. Kg1 Re8 37. Qh5 g6 38. Qh6 Bc5+ 39. Kh2
Qe5+ 40. Kh1 Qe4 41. Kh2 Qc4 42. Kh1 Qe4 43. Kh2 Qb4 44. Qg5 Qxb2+ 45. Kh1 Bd6
46. Qh4 Be5 47. Rf7 Bg7 48. Re7 Rc8 49. Qh3 Rf8 50. Qe6+ Kh8 51. Re8 Qb4 52.
Rexf8+ Bxf8 53. Qf6+ Kg8 54. Qf7+ Kh8 55. Qxf8+ Qxf8 56. Rxf8+ Kg7 57. Rb8 b6
58. Rb7+ Kf6 59. Rxa7 Ke5 60. Rxh7 c5 61. Kg2 Kd4 62. Rb7 c4 63. Rxb6 Kd3 64.
a4 c3 65. a5 1-0

[Event "12th ChessMates International, York"]
[Site "York Guildhall"]
[Date "2025.03.23"]
[Round "5.8"]
[White "Ashton, Alannah"]
[Black "Roessling, Laura Marie"]
[Result "0-1"]
[WhiteElo "1863"]
[BlackElo "1614"]
[PlyCount "143"]
[EventDate "2025.??.??"]
[WhiteTeam "England"]
[BlackTeam "LSJ Sachsen-Anhalt"]
[WhiteTeamCountry "ENG"]

1. e4 e5 2. Nf3 Nc6 3. Bb5 a6 4. Ba4 Nf6 5. O-O b5 6. Bb3 d6 7. c3 Na5 8. Bc2
Be7 9. h3 O-O 10. d4 exd4 11. cxd4 c5 12. d5 Re8 13. Re1 Nd7 14. Nbd2 Bf6 15.
Nh2 Ne5 16. f4 Nec4 17. Nxc4 Nxc4 18. Rb1 Bd4+ 19. Kh1 Bf2 20. Re2 Bh4 21. b3
Nb6 22. Be3 Nd7 23. Bf2 Bxf2 24. Rxf2 Nf6 25. Qf3 Bb7 26. Ng4 Rc8 27. Rd1 Nxg4
28. Qxg4 a5 29. Qh5 g6 30. Qf3 c4 31. f5 Qe7 32. f6 Qe5 33. Qe3 Qh5 34. Qb6 Ba8
35. Rdf1 cxb3 36. axb3 Rcd8 37. Qxb5 Qh6 38. Qxa5 g5 39. Qd2 Qh5 40. Rf5 h6 41.
Qf2 Rc8 42. Bd1 Qg6 43. Qf3 Bb7 44. Qg4 Ba6 45. Re1 Kh7 46. h4 Bd3 47. hxg5 Rc1
48. Qh4 Rxd1 49. Rxd1 Rxe4 50. Qxh6+ Qxh6+ 51. gxh6 Rh4+ 52. Kg1 Bxf5 53. Re1
Kxh6 54. Re8 Rd4 55. Rb8 Rxd5 56. b4 Bd3 57. Rb7 Kg6 58. Kf2 Rb5 59. Rd7 Rb6
60. Ke3 Bb5 61. Rd8 Kxf6 62. Kd4 Bf1 63. g3 Rxb4+ 64. Kd5 Bg2+ 65. Kxd6 Rd4+
66. Kc7 Rxd8 67. Kxd8 Kg5 68. Ke7 f5 69. Ke6 Be4 70. Ke5 Kg4 71. Kd4 Kxg3 72.
Ke3 0-1

[Event "12th ChessMates International, York"]
[Site "York Guildhall"]
[Date "2025.03.23"]
[Round "5.9"]
[White "Belin, Anton"]
[Black "Verbytski, Oleg"]
[Result "1/2-1/2"]
[WhiteElo "2035"]
[BlackElo "2111"]
[PlyCount "50"]
[EventDate "2025.??.??"]
[WhiteTeam "LSJ Sachsen-Anhalt"]
[BlackTeam "England"]
[BlackTeamCountry "ENG"]

1. e4 c5 2. Nf3 d6 3. d4 cxd4 4. Qxd4 Nf6 5. Bb5+ Bd7 6. Bxd7+ Nbxd7 7. c4 g6
8. Nc3 a6 9. O-O Bg7 10. Be3 O-O 11. Qd3 Ng4 12. Bd4 Nge5 13. Nxe5 Nxe5 14.
Bxe5 Bxe5 15. Rad1 Rc8 16. Nd5 e6 17. Ne3 Qa5 18. Qb1 Bf4 19. b3 Bxe3 20. fxe3
Rfd8 21. Qb2 Qg5 22. Kh1 Rc7 23. Qf2 Rcd7 24. Qf4 Qe7 25. Qf3 Qg5 1/2-1/2

[Event "12th ChessMates International, York"]
[Site "York Guildhall"]
[Date "2025.03.23"]
[Round "5.10"]
[White "Norris, Zack"]
[Black "Noennig, Lotte"]
[Result "1-0"]
[WhiteElo "1929"]
[BlackElo "1633"]
[PlyCount "89"]
[EventDate "2025.??.??"]
[WhiteTeam "England"]
[BlackTeam "LSJ Sachsen-Anhalt"]
[WhiteTeamCountry "ENG"]

1. c4 e5 2. Nc3 Nf6 3. g3 d5 4. cxd5 Nxd5 5. Bg2 Nb6 6. Nf3 Nc6 7. d3 Be7 8.
O-O O-O 9. a4 a5 10. Be3 Be6 11. Nd2 Qd7 12. b3 Rad8 13. Nc4 Nxc4 14. dxc4 Qxd1
15. Raxd1 Nb4 16. Nd5 Nxd5 17. cxd5 Bf5 18. Rc1 Bd6 19. Bc5 Rfe8 20. e4 Bg6 21.
Bxd6 cxd6 22. Rc7 Rb8 23. f3 f5 24. Rfc1 b5 25. exf5 Bxf5 26. Ra7 bxa4 27. bxa4
Rec8 28. Rxc8+ Rxc8 29. g4 Bc2 30. Rxa5 Rc4 31. Ra6 Rxa4 32. Rxd6 Rd4 33. Rd8+
Kf7 34. Rd7+ Kf6 35. h4 Bb3 36. d6 h6 37. Bh3 g5 38. h5 Bf7 39. Rd8 Rd2 40. Bf1
Kg7 41. Bb5 Kf6 42. d7 Be6 43. Rf8+ Ke7 44. Re8+ Kf7 45. d8=Q 1-0

[Event "12th ChessMates International, York"]
[Site "York Guildhall"]
[Date "2025.03.23"]
[Round "5.11"]
[White "Van Batenburg, Mees"]
[Black "Shnurov, Daniil"]
[Result "1-0"]
[WhiteElo "2228"]
[BlackElo "2164"]
[PlyCount "133"]
[EventDate "2025.??.??"]
[WhiteTeam "Rotterdamse Schaakbond"]
[BlackTeam "Estonia"]
[BlackTeamCountry "EST"]

1. e4 c6 2. d4 d5 3. e5 Bf5 4. h4 h5 5. Bd3 Bxd3 6. Qxd3 Qa5+ 7. Nd2 e6 8. Ne2
c5 9. c4 cxd4 10. Qb3 Nd7 11. cxd5 Qxd5 12. Qxd5 exd5 13. Nf3 Bc5 14. Nf4 Ne7
15. e6 fxe6 16. Nxe6 Kf7 17. Nexd4 Bxd4 18. Nxd4 Nc6 19. Be3 Nxd4 20. Bxd4 Nb8
21. O-O-O Nc6 22. Rh3 Rhg8 23. Bc5 Rad8 24. Rf3+ Kg6 25. Rfd3 d4 26. Bxd4 Nxd4
27. Rxd4 Rxd4 28. Rxd4 Rf8 29. f3 Rf5 30. Kd2 Re5 31. Kd3 Kh6 32. a4 Re7 33.
Rd5 Re1 34. Rg5 Rc1 35. b3 Rc7 36. Ra5 a6 37. Rg5 Rc1 38. b4 Ra1 39. a5 Rc1 40.
g3 Rc7 41. Kd4 Rf7 42. f4 Rc7 43. Rc5 Rf7 44. Rd5 Rc7 45. Rd6+ Kh7 46. Rb6 Rf7
47. Ke5 Rc7 48. f5 Rf7 49. Kf4 Rc7 50. Kg5 Rf7 51. f6 gxf6+ 52. Rxf6 Rd7 53.
Kxh5 Rd5+ 54. Kg4 Rd7 55. h5 Kg7 56. Rb6 Rd4+ 57. Kg5 Rd5+ 58. Kh4 Rd7 59. g4
Kh7 60. h6 Rc7 61. Kh5 Rd7 62. g5 Kh8 63. Re6 Rd5 64. Re7 Kg8 65. h7+ Kh8 66.
Kh6 Rd8 67. g6 1-0

[Event "12th ChessMates International, York"]
[Site "York Guildhall"]
[Date "2025.03.23"]
[Round "5.12"]
[White "Blokhin, Sofia"]
[Black "Aarts, Joaquin"]
[Result "1/2-1/2"]
[WhiteElo "2020"]
[BlackElo "1983"]
[PlyCount "126"]
[EventDate "2025.??.??"]
[WhiteTeam "Estonia"]
[BlackTeam "Rotterdamse Schaakbond"]
[WhiteTeamCountry "EST"]

1. e4 c5 2. Nf3 d6 3. d4 cxd4 4. Nxd4 Nf6 5. Nc3 a6 6. Be3 e5 7. Nb3 Be7 8. f3
Be6 9. Qd2 h5 10. O-O-O Nbd7 11. h3 b5 12. Qf2 Rc8 13. Bd3 Rxc3 14. bxc3 h4 15.
Kd2 Qc7 16. g4 hxg3 17. Qxg3 Nh5 18. Qf2 Ndf6 19. Bb6 Qc8 20. Ra1 d5 21. Nc5
Qc6 22. Nxa6 O-O 23. a4 d4 24. Bxd4 exd4 25. cxd4 Qxa6 26. axb5 Qb7 27. c3 Nf4
28. Qe3 N6h5 29. h4 f5 30. Ra6 fxe4 31. Qxe4 Qxe4 32. Bxe4 Bc4 33. Ra7 Bd8 34.
Rb1 Nf6 35. b6 Bd5 36. Bxd5+ N4xd5 37. b7 Bc7 38. Ra8 Bb8 39. c4 Nc7 40. Kd3
Kf7 41. d5 Nd7 42. Ra5 Ke7 43. Re1+ Kd6 44. Kd4 Nc5 45. Rb1 Rf4+ 46. Ke3 Rxc4
47. Rb6+ Kxd5 48. Ra8 Nd7 49. Rg6 Rc6 50. Rxg7 Re6+ 51. Kf2 Kc6 52. Rxd7 Kxd7
53. Rxb8 Rb6 54. Kg3 Ne6 55. Rh8 Nd8 56. Rh7+ Kd6 57. Rh6+ Ne6 58. f4 Ke7 59.
Rh8 Nd8 60. Rh7+ Kf8 61. Rh8+ Ke7 62. Kg4 Nxb7 63. f5 Nd8 1/2-1/2

[Event "12th ChessMates International, York"]
[Site "York Guildhall"]
[Date "2025.03.23"]
[Round "5.13"]
[White "Wink, Luka"]
[Black "Gorkov, Kirill"]
[Result "1-0"]
[WhiteElo "2147"]
[BlackElo "2086"]
[PlyCount "77"]
[EventDate "2025.??.??"]
[WhiteTeam "Rotterdamse Schaakbond"]
[BlackTeam "Estonia"]
[BlackTeamCountry "EST"]

1. e4 c5 2. Nf3 d6 3. d4 cxd4 4. Nxd4 Nf6 5. Nc3 g6 6. Be3 Bg7 7. f3 O-O 8. Qd2
Nc6 9. O-O-O d5 10. exd5 Nxd5 11. Nxc6 bxc6 12. Bd4 Bxd4 13. Qxd4 Qb6 14. Qe5
Qe3+ 15. Qxe3 Nxe3 16. Re1 Nxf1 17. Rhxf1 Re8 18. Re5 Kf8 19. h3 e6 20. Ne4 Ke7
21. c4 Rd8 22. Re1 a5 23. Rc5 Bb7 24. b3 a4 25. b4 Rd4 26. Rd1 Rxd1+ 27. Kxd1
f5 28. Nf2 g5 29. Ke2 Kd6 30. Nd3 a3 31. Kd2 h5 32. Ne5 Rg8 33. Ra5 g4 34. hxg4
hxg4 35. f4 g3 36. c5+ Kd5 37. Kd3 Ra8 38. Nd7 e5 39. Nb6+ 1-0

[Event "12th ChessMates International, York"]
[Site "York Guildhall"]
[Date "2025.03.23"]
[Round "5.14"]
[White "Rajandu, Aaron"]
[Black "Lopes, Samuel"]
[Result "1/2-1/2"]
[WhiteElo "1869"]
[BlackElo "2026"]
[PlyCount "42"]
[EventDate "2025.??.??"]
[WhiteTeam "Estonia"]
[BlackTeam "Rotterdamse Schaakbond"]
[WhiteTeamCountry "EST"]

1. d4 d5 2. Nf3 Nf6 3. e3 a6 4. b3 e6 5. Nbd2 b6 6. Bb2 Bb7 7. Ne5 Nbd7 8. Bd3
Nxe5 9. dxe5 Nd7 10. O-O g6 11. f4 Bg7 12. Qe2 O-O 13. Rad1 Nc5 14. e4 Re8 15.
Ba3 dxe4 16. Nxe4 Qd4+ 17. Qf2 Qxf2+ 18. Nxf2 Nxd3 19. Rxd3 Bd5 20. c4 Bc6 21.
Rfd1 a5 1/2-1/2

[Event "12th ChessMates International, York"]
[Site "York Guildhall"]
[Date "2025.03.23"]
[Round "5.15"]
[White "Terlouw, Wouter"]
[Black "Magi, Ramon"]
[Result "1-0"]
[WhiteElo "2092"]
[BlackElo "1798"]
[PlyCount "137"]
[EventDate "2025.??.??"]
[WhiteTeam "Rotterdamse Schaakbond"]
[BlackTeam "Estonia"]
[BlackTeamCountry "EST"]

1. d4 Nf6 2. Bg5 e6 3. e4 h6 4. Bxf6 Qxf6 5. c3 b6 6. Nd2 Bb7 7. Bd3 a6 8. Ngf3
d6 9. O-O Nd7 10. Nc4 e5 11. b4 Be7 12. Ne3 O-O 13. Nf5 Kh7 14. Qd2 Rfe8 15. g4
Qg6 16. h3 Bg5 17. Nxg5+ Qxg5 18. f4 exf4 19. h4 Qxg4+ 20. Kh2 g5 21. Be2 f3
22. Bxf3 Qf4+ 23. Qxf4 gxf4 24. Rae1 Nf6 25. d5 Re5 26. Rg1 Bxd5 27. exd5 Rxf5
28. Re7 Nxd5 29. Ree1 Rg8 30. Be4 Ne7 31. Bd3 Rxg1 32. Kxg1 Kg7 33. Rxe7 Rh5
34. Bxa6 c5 35. Bc4 d5 36. Be2 Rxh4 37. Bf3 Rh3 38. Kf2 cxb4 39. cxb4 Rh2+ 40.
Bg2 f3 41. Kxf3 Rh4 42. a3 Rc4 43. Ke3 Kf6 44. Rxf7+ Ke5 45. Rf3 h5 46. Kd3 Rg4
47. Bh3 Rg5 48. Re3+ Kf4 49. Be6 Rg1 50. Rh3 Ke5 51. Bf7 h4 52. Re3+ Kd6 53.
Re6+ Kd7 54. Rxb6 h3 55. Bxd5 Rg3+ 56. Kc4 Rxa3 57. Rh6 Kc7 58. Be6 Ra6 59.
Rh7+ Kb6 60. Bxh3 Ra1 61. Rh6+ Kb7 62. Kb5 Rg1 63. Rh7+ Kb8 64. Bd7 Kc7 65.
Bc6+ Kd6 66. Rd7+ Ke6 67. Kb6 Rg4 68. b5 Rg8 69. Bd5+ 1-0